000 00428nam a2200169Ia 4500
008 151213s9999 xx 000 0 und d
020 _a978 81 7955-019-2
082 _a429.14403
_b429.14403
100 _aSamsad
245 _aEnglish- Bangla Pocket Dictionary
_cSamsad
260 _aKolkata
_bSahitya Samsad
_c2010
300 _a11230 p.
650 _aDictionary
650 _aReference
700 _aSamsad
999 _c4993
_d4993